Loading...
| Arts - Music | 1 | 30.00 | 100% | 100% | 100% |
| Arts - Painting | 1 | 10.00 | 100% | 0% | 0% |
| History - European | 1 | 30.00 | 100% | 100% | 100% |
| History - Other History | 1 | 20.00 | 100% | 100% | 0% |
| History - World History | 2 | 40.00 | 400% | 0% | 0% |
| Literature - British Lit | 1 | 10.00 | 100% | 0% | 0% |
| Literature - European Lit | 1 | 20.00 | 100% | 100% | 0% |
| Literature - World Lit | 1 | 20.00 | 100% | 100% | 0% |
| Other Academic | 1 | 30.00 | 100% | 100% | 100% |
| Religion | 1 | 10.00 | 100% | 0% | 0% |
| Science - Biology | 1 | 10.00 | 100% | 0% | 0% |
| Science - Chemistry | 1 | 10.00 | 100% | 0% | 0% |
| Science - Physics | 1 | 10.00 | 0% | 100% | 0% |
| Thought - Social Science | 1 | 0.00 | 0% | 0% | 0% |